第101回(2025年)箱根駅伝の出場校 - Statistics

General Stats
  • This quiz has been taken 189 times
  • The average score is 17 of 21
Answer Stats
順位 出場校 記録 % Correct
1位 青山学院大学 10:41:19
100%
5位 中央大学 +11:30
99%
2位 駒澤大学 +2:48
98%
4位 早稲田大学 +9:38
95%
9位 東洋大学 +13:37
91%
13位 立教大学 +17:02
89%
20位 日本大学 +30:31
89%
18位 山梨学院大学 +28:21
88%
3位 國學院大学 +9:28
87%
15位 法政大学 +21:57
86%
OP {関東学生}連合 +25:34
85%
10位 帝京大学 +13:39
81%
12位 日本体育大学 +15:03
80%
7位 創価大学 +12:16
79%
8位 東京国際大学 +13:36
76%
16位 神奈川大学 +26:09
74%
17位 専修大学 +27:34
74%
11位 順天堂大学 +13:46
72%
19位 大東文化大学 +29:19
70%
14位 中央学院大学 +18:54
68%
6位 城西大学 +11:50
65%
No matching quizzes found
Score Distribution
Percent of People with Each Score
Percentile by Number Answered
Your Score History
You have not taken this quiz